BIBLIOTECA PODER JUDICIAL
Portal Judicial TDF

Acción de fraude entre cónyuges : (Registro nro. 5783)

000 -LEADER
fixed length control field 01160nab a22002177a 4500
003 - CONTROL NUMBER IDENTIFIER
control field OSt
005 - DATE AND TIME OF LATEST TRANSACTION
control field 20260106134623.0
008 - FIXED-LENGTH DATA ELEMENTS--GENERAL INFORMATION
fixed length control field 190514b xxu||||| |||| 00| 0 spa d
040 ## - CATALOGING SOURCE
Transcribing agency PJ
100 ## - MAIN ENTRY--PERSONAL NAME
9 (RLIN) 6145
Personal name Ossola, Federico A.
245 10 - TITLE STATEMENT
Title Acción de fraude entre cónyuges :
Remainder of title procedencia, efectos y prescripción /
Statement of responsibility, etc Federico A. Ossola.
300 ## - PHYSICAL DESCRIPTION
Extent p. 93-106
505 ## - FORMATTED CONTENTS NOTE
Formatted contents note Sumario: I. El marco en el que se desenvuelve el tema en análisis.— II. Una nueva norma.— III. Se trata de un caso específico de fraude a la ley.— IV. Lo esencial: la causa final del acto y su efecto. ¿Debe acreditarse el dolo?— V. Actos comprendidos en la figura.— VI. Aspectos temporales.— VII. Algunas particularidades de la acción.— VIII. Efectos de la acción.— IX. Prescripción de la acción.
505 ## - FORMATTED CONTENTS NOTE
Title Si te interesa el texto, comunicate a koha@justierradelfuego.gov.ar
650 #0 - SUBJECT ADDED ENTRY--TOPICAL TERM
9 (RLIN) 967
Topical term or geographic name as entry element DERECHO DE FAMILIA
650 #0 - SUBJECT ADDED ENTRY--TOPICAL TERM
Topical term or geographic name as entry element CODIGO CIVIL Y COMERCIAL
9 (RLIN) 1497
650 #0 - SUBJECT ADDED ENTRY--TOPICAL TERM
Topical term or geographic name as entry element CÓNYUGE
9 (RLIN) 5369
650 #0 - SUBJECT ADDED ENTRY--TOPICAL TERM
Topical term or geographic name as entry element FRAUDE
9 (RLIN) 1042
773 0# - HOST ITEM ENTRY
Host Biblionumber 2844
Host Itemnumber 3222
Place, publisher, and date of publication Buenos Aires : AbeledoPerrot, 1989-
Title Derecho de familia. N° 115 - Julio 2024
International Standard Book Number 18511201
942 ## - ADDED ENTRY ELEMENTS (KOHA)
Source of classification or shelving scheme
Koha item type Analítica Artículo de Revista

No hay ítems disponibles.

12 de Octubre 789 Ushuaia - Tel:  54(02901)441571
Horario de Atención: 8.00 a 17.00 hs. 
bibliotecaush@justierradelfuego.gov.ar
koha@justierradelfuego.gov.ar
Seguinos en nuestras redes @bibliojustdf 

Con tecnología Koha